| 000 | 00741nam a2200289Ia 4500 | ||
|---|---|---|---|
| 001 | 51607 | ||
| 005 | 20240114005233.0 | ||
| 007 | ta | ||
| 008 | 091029s2006 g b000 u 465 u | ||
| 020 | _a0-321-33722-0 | ||
| 040 | _aCotton College | ||
| 041 | _a465 | ||
| 082 |
_a823 _bGi 436 Ar |
||
| 100 | _aGioia, Dana . | ||
| 245 | 0 |
_aThe Art Of the Short Story / _cDana Gioia. _hTextual Documents |
|
| 250 | _a1st ed. / | ||
| 260 |
_aN.York : _bPearson Longman , _c2006. |
||
| 300 | _a926 ; | ||
| 504 | _aGlossary | ||
| 653 | _aShort Stories-World Authors,Art 0f Short Story | ||
| 700 | _aGwynn, R.S. . | ||
| 700 | _aDana, Gioia . | ||
| 700 | _aGwynn, R.S. . | ||
| 942 |
_2ddc _cBK |
||
| 999 |
_c51572 _d51572 |
||